00950nam a2200229 a 450000100100000000500170001000800410002704000250006808200150009324501480010826000390025630000210029549000230031665000230033965000190036270000270038170000420040883000300045091000370048095201860051799900170070300003507420260317133558.0111024s1969 mx 000 0 spa d aDO-SdBNPbspacBNPHU a370bL586h03aEl hombre y la cultura :bproblemas teóricos sobre educación /cA. N. Leontiev y otros ; versión al español de Rafael García Higuera. aMéxico, D.F. :bGrijalbo,c1969. a160 p. ;c19 cm.1 aColección 70v36 0aEducación951588 0aCultura98922412aLeontiev, A. N.96072912aGarcía Higuera, Rafael,etr.960730 0aColección 70n36960731 aValidado. Control de calidad MFF 001050718MOaGRbGRcHDd2011-10-24iLF1l0o370 L586hp35074-10r2020-06-25w2020-06-25y1zPerteneció a la biblioteca personal de Juan Isidro Jimenes -GrullónZNo se presta c34565d34565